书目信息 |
| 题名: |
台湾教育简史
|
|
| 作者: | 庄明水 著 | |
| 分册: | ||
| 出版信息: | 福州 福建教育出版社 1994 |
|
| 页数: | 344页 | |
| 开本: | 20cm | |
| 丛书名: | 台湾教育研究丛书 | |
| 单 册: | ||
| 中图分类: | G527.58 | |
| 科图分类: | ||
| 主题词: | 教育史--台湾 | |
| 电子资源: | ||
| ISBN: | 7-5334-1622-8 | |
| 000 | 00636nam2 2200229 450 | |
| 001 | 1575522678 | |
| 005 | 20150126205859.12 | |
| 010 | @a7-5334-1622-8@dCNY8.80 | |
| 100 | @a19950620d1994 emky0chiy0110 ea | |
| 101 | 0 | @achi |
| 102 | @aCN@b350000 | |
| 105 | @ay z 000yd | |
| 200 | 1 | @a台湾教育简史@9tai wan jiao yu jian shi@f庄明水等著 |
| 210 | @a福州@c福建教育出版社@d1994 | |
| 215 | @a344页@d20cm | |
| 225 | 2 | @a台湾教育研究丛书 |
| 461 | 0 | @12001 @a台湾教育研究丛书 |
| 606 | 0 | @a教育史@y台湾 |
| 690 | @aG527.58 | |
| 701 | 0 | @a庄明水@9zhuang ming shui@f(1937~)@4著 |
| 801 | 0 | @aCN@bTSSF@c20150126 |
| 905 | @aZUCC@dG527.58@eJY1 | |
| 台湾教育简史/庄明水等著.-福州:福建教育出版社,1994 |
| 344页;20cm.-(台湾教育研究丛书) |
| ISBN 7-5334-1622-8:CNY8.80 |
| ● |
| 相关链接 |
|
|
|
|
正题名:台湾教育简史
索取号:G527.58/JY1
 
预约/预借
| 序号 | 登录号 | 条形码 | 馆藏地/架位号 | 状态 | 备注 |
| 1 | 7860551 | 278605519 | 学院路分馆/ [索取号:G527.58/JY1] | 在馆 |